000 005350000a22001810004500
003 MACL
005 20160124170708.0
008 160124b xxu||||| |||| 00| 0 eng d
040 _aMACL
_cMACL
041 _aHindi
082 _a340.294/SHU
100 _aशुक्‍ल कमलेश
_934592
245 _aहिन्‍दू विधि
260 _bसेन्‍ट्रल लॉ एजेन्‍सी
_c1995
_aइलाहाबाद
350 _a60
650 _aLAW
_934594
942 _cHIN
_k340.294/SHU
_2ddc
999 _c30878
_d30878